000 nam a22 a 4500
999 _c182446
_d182446
003 BLK
005 20211209092455.0
008 180411b bul|||||r ||||||| ||bul||
010 _aKNG00191370000
040 _aBLK
041 _aBUL
_cBUL
080 _aАвиомоделизъм
_b629.73.001.57
_x(035)
_z629.73.001.57(035)
100 1 _aДжонджоров, Атанас А.
_eпърви автор
_960965
139 _aДжонджоров, Атанас А.
_bД 52
245 1 0 _aРъководство за авиомоделизъм
_cАтанас А. Джонджоров.
257 _aBGR
260 _aСофия
_bМедицина и физкултура
_c1960
300 _a212 с.
_bс ил.
_c25 см
380 _a62
650 4 _aАвиомоделизъм - наръчници и ръководства
_9146224
653 _aавиомоделизъм
653 _aръководства
852 _aЦб 17895
_bЦб
856 4 _qpdf
856 4 _qpdf
942 _cKNG
_n0
_s1
944 _aCR
_c04.10.2016
_kКамелия_Данева
944 _aED
_c04.10.2016
_kКамелия_Данева
999 _d182446